[Event "FIDE TURNIR 2016"]
[Site "Komenda"]
[Date "2016.02.13"]
[Round "3.17"]
[White "Paternoster, David"]
[Black "Subelj, Nik"]
[Result "1-0"]
[WhiteElo "1500"]
[BlackElo "1500"]
[PlyCount "97"]
[EventDate "2016.02.13"]

1. d4 d5 2. Nf3 Nc6 3. Nc3 Nf6 4. Bg5 e6 5. e3 Be7 6. Bb5 Bd7 7. O-O O-O 8. Nb1
a6 9. Bd3 h6 10. Bxf6 Bxf6 11. c3 Bh4 12. Bc2 Qf6 13. Qd3 g6 14. Nxh4 Qxh4 15.
Nd2 Qg5 16. Nf3 Qf5 17. Qd2 Qf6 18. Qd3 e5 19. Ne1 e4 20. Qd2 Qg5 21. Ba4 Bh3
22. Bxc6 Qxg2+ 23. Nxg2 bxc6 24. b3 Rae8 25. c4 dxc4 26. bxc4 Re6 27. Rfb1 Rf6
28. Nf4 g5 29. Nxh3 Rf3 30. Kg2 Kg7 31. Ng1 f5 32. Nxf3 exf3+ 33. Kxf3 g4+ 34.
Kg2 h5 35. h3 h4 36. hxg4 fxg4 37. Rh1 Rh8 38. Qe2 h3+ 39. Kg3 Kg6 40. Kxg4 Rb8
41. Rxh3 Kf6 42. Rh5 Ke7 43. Rh6 Kd7 44. Qf3 Rg8+ 45. Kh4 Kc8 46. Rb1 a5 47.
Qxc6 Rg2 48. Rh8+ Rg8 49. Rxg8# 1-0

[Event "FIDE TURNIR 2016"]
[Site "Komenda"]
[Date "2016.02.13"]
[Round "3.19"]
[White "Macek, Inti"]
[Black "Premk, Jasna"]
[Result "1-0"]
[WhiteElo "1500"]
[BlackElo "1500"]
[PlyCount "43"]
[EventDate "2016.02.13"]

1. Nf3 e5 2. d3 Nc6 3. Bg5 Be7 4. e4 Nf6 5. d4 O-O 6. Bb5 h6 7. Bh4 d5 8. dxe5
Ng4 9. exd5 Bb4+ 10. Nbd2 Ncxe5 11. Nxe5 Nxe5 12. O-O Ng4 13. f3 Bc5+ 14. Bf2
Re8 15. Bxc5 a6 16. Bxe8 Qxe8 17. h3 Ne5 18. Re1 b6 19. Bd6 cxd6 20. Nc4 Nxc4
21. Rxe8+ Kh7 22. Qd3+ 1-0

[Event "FIDE TURNIR 2016"]
[Site "Komenda"]
[Date "2016.02.14"]
[Round "4.1"]
[White "Solmajer, Luka"]
[Black "Urh, Zala"]
[Result "1-0"]
[WhiteElo "2048"]
[BlackElo "1923"]
[PlyCount "61"]
[EventDate "2016.02.14"]

1. Nf3 Nf6 2. c4 e6 3. g3 b6 4. Bg2 Bb7 5. O-O Be7 6. Nc3 O-O 7. d4 Ne4 8. Qc2
Nxc3 9. Qxc3 f5 10. b4 d6 11. a4 c5 12. b5 Bf6 13. Bb2 Nd7 14. Qd2 a5 15. Rad1
d5 16. Ne5 Bg5 17. e3 Nf6 18. f4 Bh6 19. dxc5 bxc5 20. cxd5 exd5 21. Nc6 Qd7
22. Bxd5+ Kh8 23. Bxf6 Rxf6 24. Ne5 Qc7 25. Qa2 g6 26. Bxb7 Qxb7 27. Rd7 Qb6
28. Nf7+ Kg7 29. Ng5+ Kf8 30. Qd5 Rb8 31. Qe5 1-0

[Event "FIDE TURNIR 2016"]
[Site "Komenda"]
[Date "2016.02.14"]
[Round "4.2"]
[White "Jancigaj, Saso Valentin"]
[Black "Jelen, Miha"]
[Result "1/2-1/2"]
[WhiteElo "1588"]
[BlackElo "1615"]
[PlyCount "35"]
[EventDate "2016.02.14"]

1. f4 d5 2. Nf3 c5 3. e3 Nc6 4. Bb5 Nf6 5. b3 a6 6. Bxc6+ bxc6 7. Bb2 e6 8. O-O
Be7 9. Ne5 Bd7 10. d3 Rb8 11. Nd2 Qb6 12. c4 a5 13. g4 h6 14. g5 hxg5 15. fxg5
Qc7 16. gxf6 gxf6 17. Ng4 Rg8 18. Kh1 1/2-1/2

[Event "FIDE TURNIR 2016"]
[Site "Komenda"]
[Date "2016.02.14"]
[Round "4.3"]
[White "Grad, Danijel"]
[Black "Tisaj, Domen"]
[Result "0-1"]
[WhiteElo "1500"]
[BlackElo "1816"]
[PlyCount "72"]
[EventDate "2016.02.14"]

1. e4 e5 2. Nf3 Nc6 3. Be2 Bc5 4. O-O d6 5. h3 h6 6. Nc3 Be6 7. d3 Qd7 8. Nd5
f5 9. Be3 Bxe3 10. Nxe3 fxe4 11. dxe4 Nf6 12. Bd3 O-O-O 13. Nf5 d5 14. exd5
Nxd5 15. Ng3 Rhf8 16. Be4 Qf7 17. Qe2 Rde8 18. Rad1 Nf4 19. Qb5 Bc4 20. Bd5
Bxb5 21. Bxf7 Rxf7 22. Rfe1 Nxh3+ 23. gxh3 Rxf3 24. Rd2 Rd8 25. Rxd8+ Kxd8 26.
Rd1+ Kc8 27. Kg2 Rf7 28. Rd5 Bc4 29. Rd1 Be6 30. Ne4 Nd4 31. Nc5 Bd5+ 32. Kg3
Rf3+ 33. Kg4 Rxf2 34. c3 Bf3+ 35. Kg3 Rg2+ 36. Kh4 Nf5# 0-1

[Event "FIDE TURNIR 2016"]
[Site "Komenda"]
[Date "2016.02.14"]
[Round "4.4"]
[White "Jereb, Lana"]
[Black "Ocepek, Jan"]
[Result "1/2-1/2"]
[WhiteElo "1603"]
[BlackElo "1238"]
[PlyCount "40"]
[EventDate "2016.02.14"]

1. e4 c5 2. Nc3 d6 3. f4 e6 4. Nf3 Nf6 5. Bc4 Be7 6. O-O Nc6 7. d3 O-O 8. Bd2
Qc7 9. Qe1 Bd7 10. Bb3 Qb6 11. Kh1 Rac8 12. h3 Rfd8 13. Qf2 Nb4 14. e5 dxe5 15.
Nxe5 Bd6 16. Be3 Rf8 17. Nc4 Qc7 18. Nxd6 Qxd6 19. Ne4 Nxe4 20. dxe4 c4 1/2-1/2

[Event "FIDE TURNIR 2016"]
[Site "Komenda"]
[Date "2016.02.14"]
[Round "4.5"]
[White "Tisaj, Igor"]
[Black "Dajcman, Aleksander"]
[Result "0-1"]
[WhiteElo "1238"]
[BlackElo "1427"]
[PlyCount "76"]
[EventDate "2016.02.14"]

1. f4 d6 2. h3 h5 3. e3 e5 4. Nf3 e4 5. Nh2 Qh4+ 6. Ke2 b6 7. Qe1 Ba6+ 8. Kd1
Qxe1+ 9. Kxe1 g6 10. Bxa6 Nxa6 11. b3 Nb4 12. Kd1 Bg7 13. c3 Nd3 14. Kc2 b5 15.
Bb2 Ne7 16. Nf1 Nf5 17. Rg1 O-O-O 18. b4 c5 19. a3 Kb7 20. Ra2 Nh4 21. c4 Bxb2
22. Rxb2 Nxb2 23. Kxb2 bxc4 24. b5 a6 25. Nc3 axb5 26. Nxb5 Rb8 27. Kc2 Kc6 28.
Nc3 d5 29. Ng3 d4 30. exd4 cxd4 31. Ncxe4 f5 32. Ng5 Rb3 33. Nf1 Rxa3 34. g3
Nf3 35. Nxf3 Rxf3 36. d3 Rxd3 37. Nd2 Rd8 38. Nxc4 Rc3+ 0-1

[Event "FIDE TURNIR 2016"]
[Site "Komenda"]
[Date "2016.02.14"]
[Round "4.6"]
[White "Jelen, Anja"]
[Black "Dajcman, Nikolaj"]
[Result "0-1"]
[WhiteElo "1026"]
[BlackElo "1408"]
[PlyCount "104"]
[EventDate "2016.02.14"]

1. e4 e6 2. d4 d5 3. e5 c5 4. Nf3 Nc6 5. c3 Qb6 6. Be2 Bd7 7. O-O cxd4 8. cxd4
Nge7 9. Nc3 Nf5 10. Be3 Qxb2 11. Na4 Nxe3 12. fxe3 Qa3 13. Qb3 Qxb3 14. axb3
Be7 15. Nc5 Bxc5 16. dxc5 Ke7 17. Bb5 Nb4 18. Bxd7 Kxd7 19. Nd4 Rhf8 20. Rfd1
Nc6 21. Rdc1 Nxe5 22. b4 Nc6 23. b5 Nxd4 24. exd4 Rfc8 25. Kf2 a6 26. bxa6 Rxa6
27. Rxa6 bxa6 28. Ra1 Ra8 29. Ra5 Kc6 30. Ke3 f6 31. Kd3 e5 32. dxe5 fxe5 33.
g3 g6 34. h3 Rb8 35. Rxa6+ Kxc5 36. Re6 e4+ 37. Ke3 Rf8 38. g4 Rf3+ 39. Ke2
Rxh3 40. Re5 Kd4 41. Re7 Rh2+ 42. Ke1 Ke3 43. Rf7 Rh1+ 44. Rf1 Rxf1+ 45. Kxf1
Kd2 46. g5 e3 47. Kg2 e2 48. Kf3 e1=Q 49. Kf4 Qe2 50. Kg3 Ke3 51. Kh3 Kf3 52.
Kh4 Qh2# 0-1

[Event "FIDE TURNIR 2016"]
[Site "Komenda"]
[Date "2016.02.14"]
[Round "4.7"]
[White "Zidar, Jernej"]
[Black "Skrbec, Leon"]
[Result "0-1"]
[WhiteElo "1160"]
[BlackElo "1278"]
[PlyCount "102"]
[EventDate "2016.02.14"]

1. d4 d5 2. c4 e6 3. Nc3 Nf6 4. Nf3 Nbd7 5. Bf4 c6 6. e3 Be7 7. Bd3 O-O 8. O-O
Nb6 9. c5 Nbd7 10. Qc2 b6 11. b4 a5 12. a3 Bb7 13. Rfe1 axb4 14. axb4 h6 15.
Ne5 Nxe5 16. Bxe5 Nd7 17. Bf4 Bf6 18. Qe2 e5 19. dxe5 Bxe5 20. Bxe5 Nxe5 21.
Ba6 Bxa6 22. Rxa6 Rxa6 23. Qxa6 bxc5 24. bxc5 Qc7 25. h3 Rb8 26. Rb1 Rxb1+ 27.
Nxb1 Nd7 28. Qa3 Qb7 29. Nc3 Ne5 30. Na4 Qb1+ 31. Kh2 Qc2 32. Kg1 Nd3 33. Kh2
Nxf2 34. Nb6 Qe4 35. Qa8+ Kh7 36. Qxc6 Qe5+ 37. g3 Ne4 38. Qd6 Nxd6 39. cxd6
Qxd6 40. Na4 d4 41. exd4 Qxd4 42. Kg2 Qxa4 43. Kf3 g5 44. g4 Qf4+ 45. Kg2 Kg6
46. Kg1 h5 47. gxh5+ Kxh5 48. Kg2 Kh4 49. Kh1 Kxh3 50. Kg1 Kg3 51. Kh1 Qf1# 0-1

[Event "FIDE TURNIR 2016"]
[Site "Komenda"]
[Date "2016.02.14"]
[Round "4.8"]
[White "Urh, Robert"]
[Black "Hvala, Arja Ela"]
[Result "1-0"]
[WhiteElo "1534"]
[BlackElo "1206"]
[PlyCount "71"]
[EventDate "2016.02.14"]

1. e4 c5 2. c3 d6 3. Bc4 Nf6 4. d3 g6 5. Nf3 Bg7 6. O-O O-O 7. Bg5 Nc6 8. Nbd2
Bd7 9. Re1 Qb6 10. Qc2 h6 11. Be3 Ng4 12. Rab1 Nge5 13. b4 Nxc4 14. Nxc4 Qc7
15. bxc5 dxc5 16. Bxc5 Rfe8 17. Ne3 b6 18. Nd5 Qc8 19. Be3 Bg4 20. Qd2 Kh7 21.
Nd4 e6 22. Nb4 Nxb4 23. Rxb4 Be5 24. f3 Bh5 25. g4 Qd8 26. Nc6 Bxh2+ 27. Qxh2
Qc8 28. Rc4 Qd7 29. Ne5 Qe7 30. gxh5 g5 31. Ng4 Rac8 32. Qe5 Rf8 33. Nf6+ Kh8
34. Rxc8 Rxc8 35. Ne8+ Kh7 36. Qg7# 1-0

[Event "FIDE TURNIR 2016"]
[Site "Komenda"]
[Date "2016.02.14"]
[Round "4.9"]
[White "Jelen, Luka"]
[Black "Kaluza, Dominik"]
[Result "0-1"]
[WhiteElo "1500"]
[BlackElo "1131"]
[PlyCount "54"]
[EventDate "2016.02.14"]

1. e4 c6 2. Nf3 d5 3. Nc3 Nf6 4. d3 Bg4 5. Be2 Bh5 6. O-O e6 7. Bg5 Be7 8. Qd2
h6 9. Bf4 O-O 10. Bxb8 Rxb8 11. Qe3 Bxf3 12. Bxf3 d4 13. Qf4 dxc3 14. bxc3 Rc8
15. e5 Nd5 16. Qc4 Qa5 17. Rfc1 Nxc3 18. d4 Ba3 19. Re1 Bb2 20. Rac1 Bxc1 21.
Rxc1 Rfd8 22. Re1 b5 23. Qd3 Na4 24. Re3 c5 25. Re4 cxd4 26. Rxd4 Rxd4 27. Qxd4
Qe1# 0-1

[Event "FIDE TURNIR 2016"]
[Site "Komenda"]
[Date "2016.02.14"]
[Round "4.10"]
[White "Sraka, Luna"]
[Black "Paternoster, David"]
[Result "1-0"]
[WhiteElo "1500"]
[BlackElo "1500"]
[PlyCount "57"]
[EventDate "2016.02.14"]

1. e4 e5 2. Nf3 Nc6 3. Nc3 Nf6 4. Bd3 Bb4 5. a3 Bc5 6. O-O O-O 7. Bb5 Bd4 8.
Nd5 Nxe4 9. c3 Bxf2+ 10. Rxf2 Nxf2 11. Kxf2 a6 12. Bxc6 dxc6 13. Nb4 Bg4 14. h3
Bxf3 15. Qxf3 Re8 16. Qg3 a5 17. Nc2 e4 18. d4 b6 19. Bh6 g6 20. h4 c5 21. h5
cxd4 22. Nxd4 c5 23. hxg6 hxg6 24. Nc6 Qd7 25. Ne5 Qa4 26. Qf4 Qc2+ 27. Kg1
Qxb2 28. Qxf7+ Kh8 29. Qg7# 1-0

[Event "FIDE TURNIR 2016"]
[Site "Komenda"]
[Date "2016.02.14"]
[Round "4.11"]
[White "Mihelic, Vesna"]
[Black "Sraka, Lan"]
[Result "1-0"]
[WhiteElo "1386"]
[BlackElo "1265"]
[PlyCount "105"]
[EventDate "2016.02.14"]

1. e4 c5 2. Nf3 d6 3. Nc3 Nf6 4. Bc4 e6 5. d4 cxd4 6. Nxd4 Be7 7. f4 e5 8. Nf3
Nc6 9. Bb5 Qa5 10. fxe5 Nxe4 11. Bxc6+ bxc6 12. exd6 Bf6 13. Bd2 Nxc3 14. Bxc3
Bxc3+ 15. bxc3 Qxc3+ 16. Nd2 Bg4 17. Qxg4 Qxa1+ 18. Qd1 Qe5+ 19. Qe2 Qxe2+ 20.
Kxe2 O-O 21. c4 Rab8 22. c5 Rb2 23. Kd3 Rxa2 24. Re1 Rb2 25. Nc4 Rb3+ 26. Kc2
Rb5 27. Re5 f6 28. Re7 a6 29. d7 Rbb8 30. Na5 Rb5 31. Nb3 Rbb8 32. Nd4 Ra8 33.
Nxc6 a5 34. Kb3 Rab8+ 35. Nxb8 Rxb8+ 36. Ka4 Kf8 37. Re8+ Rxe8 38. dxe8=Q+ Kxe8
39. Kxa5 Kd8 40. Kb6 Kc8 41. Kc6 h5 42. Kd6 g5 43. Ke6 Kc7 44. Kxf6 g4 45. Kg5
g3 46. hxg3 Kc6 47. Kxh5 Kxc5 48. g4 Kd6 49. g5 Ke7 50. g6 Kf8 51. Kh6 Kg8 52.
g7 Kf7 53. Kh7 1-0

[Event "FIDE TURNIR 2016"]
[Site "Komenda"]
[Date "2016.02.14"]
[Round "4.12"]
[White "Paternoster, Janez"]
[Black "Lajovic, Maks"]
[Result "1-0"]
[WhiteElo "1400"]
[BlackElo "1500"]
[PlyCount "95"]
[EventDate "2016.02.14"]

1. d4 d5 2. c4 c6 3. Nc3 Nf6 4. Nf3 Bf5 5. Bg5 h6 6. Bh4 e6 7. e3 Be7 8. h3
Nbd7 9. Qb3 b6 10. Be2 O-O 11. O-O a5 12. a3 Qc7 13. Rac1 Rab8 14. Bxf6 Bxf6
15. cxd5 exd5 16. Nxd5 Qd6 17. Nxf6+ Qxf6 18. Bd3 Bxd3 19. Qxd3 c5 {(=)} 20.
Qb5 Rfd8 21. Qc4 Rdc8 22. Qd3 Qd6 23. Rfd1 Rc7 24. dxc5 Qxd3 25. Rxd3 Rxc5 26.
Rxc5 Nxc5 27. Rc3 Na4 28. Rc2 Rd8 29. Nd4 Nc5 30. b4 axb4 31. axb4 Ne6 32. Nxe6
Rd1+ 33. Kh2 fxe6 34. Rc6 Rf1 35. Kg3 Kf7 36. Rxb6 Kf6 37. b5 Rb1 38. Kf4 Rb4+
39. e4 g5+ 40. Ke3 Ke5 41. f3 Rb3+ 42. Kf2 Kf4 43. Rxe6 Rb2+ 44. Kf1 Kg3 45. b6
Rxg2 46. Rxh6 Rf2+ 47. Ke1 Kxf3 48. Rf6+ 1-0

[Event "FIDE TURNIR 2016"]
[Site "Komenda"]
[Date "2016.02.14"]
[Round "4.13"]
[White "Hvala, Inja Ajda"]
[Black "Halilovic, Elma"]
[Result "1-0"]
[WhiteElo "1261"]
[BlackElo "1534"]
[PlyCount "83"]
[EventDate "2016.02.14"]

1. d4 d5 2. Nf3 Nc6 3. Bf4 Bf5 4. e3 a6 5. Bd3 Qd7 6. Ne5 Nxe5 7. Bxe5 Nf6 8.
Nc3 c6 9. Na4 Rd8 10. Nc5 Qc8 11. Bxf5 Qxf5 12. Nxb7 Ra8 13. O-O g6 14. Nc5 Bg7
15. Qe2 a5 16. c4 O-O 17. cxd5 cxd5 18. Rac1 Rfc8 19. Na4 Rxc1 20. Rxc1 Rc8 21.
Rxc8+ Qxc8 22. h3 Qc6 23. Nc3 Ne4 24. Nxe4 dxe4 25. Bxg7 Kxg7 26. Qd2 a4 27.
Qb4 e6 28. b3 axb3 29. axb3 Qc1+ 30. Kh2 Qc7+ 31. g3 f5 32. Qc4 Qe7 33. b4 Kh6
34. b5 g5 35. b6 Qf6 36. f4 exf3 37. b7 e5 38. b8=Q exd4 39. Qxd4 Qf7 40. Qbd6+
Kh5 41. g4+ fxg4 42. Qxg4# 1-0

[Event "FIDE TURNIR 2016"]
[Site "Komenda"]
[Date "2016.02.14"]
[Round "4.14"]
[White "Perme, Martin"]
[Black "Cimperman, Teo"]
[Result "1-0"]
[WhiteElo "1503"]
[BlackElo "1500"]
[PlyCount "31"]
[EventDate "2016.02.14"]

1. e4 e5 2. Nf3 Nc6 3. Bc4 Bc5 4. O-O Nf6 5. Nc3 O-O 6. Nh4 g5 7. Nf5 Na5 8. d3
Nxc4 9. dxc4 Bb4 10. Bxg5 Bxc3 11. bxc3 Re8 12. Qf3 d6 13. Qg3 Kh8 14. Bh6 Rg8
15. Bg7+ Rxg7 16. Qxg7# 1-0

[Event "FIDE TURNIR 2016"]
[Site "Komenda"]
[Date "2016.02.14"]
[Round "4.15"]
[White "Olenik Campa, Rudi"]
[Black "Vodnik, Ziga"]
[Result "0-1"]
[WhiteElo "1526"]
[BlackElo "1530"]
[PlyCount "102"]
[EventDate "2016.02.14"]

1. e4 c5 2. Nc3 e6 3. Bc4 g6 4. Nf3 a6 5. a4 Bg7 6. d4 cxd4 7. Nxd4 Nc6 8. Nf3
Nf6 9. Bg5 Qb6 10. O-O Qxb2 11. Qd2 Ng4 12. Ne2 Qb4 13. Qxb4 Nxb4 14. c3 d5 15.
exd5 Nxd5 16. Rfd1 Ngf6 17. Bxd5 exd5 18. Bxf6 Bxf6 19. Rxd5 O-O 20. Rad1 Be6
21. Rc5 Rac8 22. Rxc8 Rxc8 23. Nfd4 Bd7 24. a5 Bd8 25. Ra1 Rc5 26. Nb3 Rd5 27.
c4 Re5 28. Ned4 Bf6 29. f3 Re3 30. Kf2 Rc3 31. Rd1 Ba4 32. Rb1 Rxc4 33. Rd1
Bxd4+ 34. Rxd4 Bxb3 35. Rxc4 Bxc4 36. Ke3 Kf8 37. Kd4 Bb5 38. Kd5 Ke7 39. Ke5
f6+ 40. Kd5 Bc6+ 41. Kd4 Kd6 42. h3 Bd5 43. h4 h5 44. Ke3 Kc5 45. Kd3 Kb5 46.
Kd4 Be6 47. f4 Kxa5 48. Kc5 Bf5 49. Kd6 b5 50. Ke7 b4 51. Kxf6 b3 0-1

[Event "FIDE TURNIR 2016"]
[Site "Komenda"]
[Date "2016.02.14"]
[Round "4.16"]
[White "Zlicar, Jure"]
[Black "Macek, Inti"]
[Result "1-0"]
[WhiteElo "1500"]
[BlackElo "1500"]
[PlyCount "71"]
[EventDate "2016.02.14"]

1. e4 Nf6 2. Nc3 e5 3. a3 Bc5 4. h3 O-O 5. Nf3 d6 6. Bc4 Bd7 7. O-O Ba4 8. Nxa4
a6 9. Nxc5 dxc5 10. d3 b5 11. Bb3 Nc6 12. Bg5 c4 13. dxc4 Qe7 14. cxb5 axb5 15.
Bd5 Nd8 16. Bxa8 Ne6 17. Bxf6 Qxf6 18. Bd5 Nc5 19. Qd2 Na4 20. Rab1 Qd6 21. Qg5
Qc5 22. c3 c6 23. Bb3 Nxc3 24. bxc3 Qxc3 25. Qxe5 Qa5 26. Qh5 h6 27. a4 bxa4
28. Qxa5 axb3 29. Rxb3 g5 30. Ne5 f6 31. Nxc6 Kh8 32. Rb8 Rg8 33. Rxg8+ Kxg8
34. Qa7 h5 35. Rb1 f5 36. Rb8# 1-0

[Event "FIDE TURNIR 2016"]
[Site "Komenda"]
[Date "2016.02.14"]
[Round "4.18"]
[White "Vaupot, Eliza"]
[Black "Premk, Jasna"]
[Result "1-0"]
[WhiteElo "1500"]
[BlackElo "1500"]
[PlyCount "59"]
[EventDate "2016.02.14"]

1. e4 e5 2. Nf3 Nc6 3. d4 d5 4. dxe5 dxe4 5. Qxd8+ Nxd8 6. Bb5+ Nc6 7. O-O Bc5
8. Bxc6+ bxc6 9. Bg5 Be6 10. Nc3 Kf8 11. Nxe4 Bc4 12. Rfd1 g6 13. Bf6 Nh6 14.
Bxh8 Kg8 15. Nxc5 Nf5 16. Bf6 h6 17. Nd2 Kh7 18. Nxc4 Rc8 19. Rd8 Rxd8 20. Bxd8
Nd4 21. Be7 Ne2+ 22. Kf1 Nf4 23. Bf8 Nh5 24. Ne4 f5 25. Nf6+ Kh8 26. Ne3 f4 27.
Nc4 c5 28. Rd1 a6 29. Rd7 c6 30. Rh7# 1-0

[Event "FIDE TURNIR 2016"]
[Site "Komenda"]
[Date "2016.02.14"]
[Round "4.19"]
[White "Premk, Simon"]
[Black "Subelj, Nik"]
[Result "1-0"]
[WhiteElo "1500"]
[BlackElo "1500"]
[PlyCount "96"]
[EventDate "2016.02.14"]

1. e4 e5 2. Nf3 Nc6 3. Bb5 d6 4. O-O Nf6 5. Nc3 Bd7 6. d3 a6 7. Bxc6 Bxc6 8.
Bg5 Be7 9. h3 Qd7 10. Bxf6 Bxf6 11. Nd5 Bxd5 12. exd5 O-O-O 13. d4 e4 14. Nd2
Bxd4 15. Nxe4 Bxb2 16. Rb1 Rde8 17. Ng5 Bf6 18. Nf3 Qa4 19. c3 Qxa2 20. Qb3 Qe2
21. Qxb7+ Kd8 22. Qb8+ Kd7 23. Qa7 Bxc3 24. Qxa6 Qxa6 25. Ng5 Re7 26. Rfc1 Re1+
27. Rxe1 Bxe1 28. Rxe1 Qa5 29. Nf3 Qxd5 30. Nh4 Re8 31. Rxe8 Kxe8 32. Kh2 Qe5+
33. Kg1 Qe1+ 34. Kh2 Qxf2 35. Nf3 d5 36. h4 d4 37. Nxd4 Qxd4 38. g3 c6 39. Kh3
c5 40. h5 c4 41. g4 c3 42. Kh4 f6 43. h6 gxh6 44. Kh5 c2 45. Kxh6 Qxg4 46. Kxh7
Kf8 47. Kh6 Qg5+ 48. Kh7 Qg7# 1-0

[Event "FIDE TURNIR 2016"]
[Site "Komenda"]
[Date "2016.02.14"]
[Round "5.1"]
[White "Jelen, Miha"]
[Black "Solmajer, Luka"]
[Result "1/2-1/2"]
[WhiteElo "1615"]
[BlackElo "2048"]
[PlyCount "23"]
[EventDate "2016.02.14"]

1. e4 c5 2. c3 g6 3. d4 Bg7 4. dxc5 Qc7 5. Be3 Nf6 6. Bd3 a5 7. Na3 Na6 8. Nb5
Qc6 9. Nd4 Qc7 10. Nb5 Qc6 11. Nd4 Qc7 12. Nb5 1/2-1/2

[Event "FIDE TURNIR 2016"]
[Site "Komenda"]
[Date "2016.02.14"]
[Round "5.2"]
[White "Urh, Zala"]
[Black "Dajcman, Nikolaj"]
[Result "1-0"]
[WhiteElo "1923"]
[BlackElo "1408"]
[PlyCount "71"]
[EventDate "2016.02.14"]

1. d4 e6 2. c4 d5 3. Nc3 Nf6 4. Nf3 Be7 5. Bg5 O-O 6. e3 Re8 7. Bd3 dxc4 8.
Bxc4 b6 9. O-O Bb7 10. Rc1 Nbd7 11. Qe2 c5 12. Rfd1 Qc7 13. Bf4 Bd6 14. Nb5 Qc6
15. Nxd6 Red8 16. Nxb7 Qxb7 17. Ne5 Nf8 18. dxc5 bxc5 19. b3 Rxd1+ 20. Rxd1 Ne4
21. Qc2 Nf6 22. h3 a5 23. a4 Nd5 24. Bb5 Rc8 25. Qc4 Nb4 26. Rd6 Qe7 27. Nc6
Nxc6 28. Rxc6 Rd8 29. Qxc5 Qh4 30. Bg3 Qe4 31. Rc8 Rxc8 32. Qxc8 Qd5 33. Bc4
Qd1+ 34. Kh2 h6 35. Qb8 g6 36. Bd6 1-0

[Event "FIDE TURNIR 2016"]
[Site "Komenda"]
[Date "2016.02.14"]
[Round "5.3"]
[White "Kaluza, Dominik"]
[Black "Tisaj, Domen"]
[Result "0-1"]
[WhiteElo "1131"]
[BlackElo "1816"]
[PlyCount "112"]
[EventDate "2016.02.14"]

1. d4 d5 2. Bf4 Nf6 3. e3 c6 4. Bd3 Nbd7 5. Nd2 e6 6. c3 Be7 7. Ngf3 O-O 8. O-O
Re8 9. h3 Nf8 10. Ne5 Ng6 11. Nxg6 hxg6 12. Re1 Bd6 13. Bxd6 Qxd6 14. e4 e5 15.
exd5 Nxd5 16. Ne4 Qc7 17. Ng3 Bd7 18. Ne2 Rad8 19. Qd2 e4 20. Bc4 e3 21. fxe3
Nxe3 22. Bd3 Re7 23. Nc1 Rde8 24. Nb3 Qg3 25. Qf2 Qg5 26. h4 Qg4 27. Be2 Qxg2+
28. Qxg2 Nxg2 29. Kf2 Nf4 30. Bf1 Nh3+ 31. Bxh3 Bxh3 32. Nd2 Bg4 33. c4 Re2+
34. Kf1 Bh3+ 35. Kg1 Rxe1+ 36. Rxe1 Rxe1+ 37. Kh2 Re2+ 38. Kxh3 Rxd2 39. d5
cxd5 40. cxd5 Rxd5 41. b4 f5 42. a4 f4 43. Kg2 Kf7 44. Kf3 Rd4 45. b5 Kf6 46.
a5 Kf5 47. a6 b6 48. h5 g5 49. h6 gxh6 50. Kg2 g4 51. Kf2 Rd2+ 52. Ke1 Ra2 53.
Kd1 g3 54. Kc1 g2 55. Kb1 Rf2 56. Kc1 g1=Q# 0-1

[Event "FIDE TURNIR 2016"]
[Site "Komenda"]
[Date "2016.02.14"]
[Round "5.4"]
[White "Skrbec, Leon"]
[Black "Jancigaj, Saso Valentin"]
[Result "1/2-1/2"]
[WhiteElo "1278"]
[BlackElo "1588"]
[PlyCount "64"]
[EventDate "2016.02.14"]

1. d4 f5 2. c4 Nf6 3. Nc3 e6 4. Bg5 Bb4 5. Nf3 O-O 6. e3 d5 7. Qc2 c6 8. Bd3
Qa5 9. Bxf6 Rxf6 10. O-O Nd7 11. a3 Bd6 12. b4 Qd8 13. c5 Bc7 14. a4 Qe8 15. b5
Rh6 16. h3 Nf6 17. a5 Qg6 18. Kh1 Qg4 19. Be2 Rxh3+ 20. gxh3 Qxh3+ 21. Kg1 Ng4
22. bxc6 Bb8 23. Qb2 h6 24. Na4 Bh2+ 25. Kh1 a6 26. Nc3 Bb8+ 27. Kg1 Nh2 28.
Ne5 Bxe5 29. dxe5 Ng4 30. Bxg4 Qxg4+ 31. Kh1 Qh3+ 32. Kg1 Qg4+ 1/2-1/2

[Event "FIDE TURNIR 2016"]
[Site "Komenda"]
[Date "2016.02.14"]
[Round "5.5"]
[White "Dajcman, Aleksander"]
[Black "Urh, Robert"]
[Result "0-1"]
[WhiteElo "1427"]
[BlackElo "1534"]
[PlyCount "116"]
[EventDate "2016.02.14"]

1. e4 c5 2. Nf3 Nc6 3. d4 cxd4 4. Nxd4 e6 5. Be3 Nf6 6. Bd3 Qa5+ 7. Qd2 Bb4 8.
c3 Be7 9. O-O a6 10. Nb3 Qc7 11. a4 b6 12. Na3 Bxa3 13. Rxa3 Bb7 14. f3 O-O 15.
Nd4 Ne5 16. Bf4 d6 17. Nc2 Rfd8 18. Rd1 Nh5 19. Bxe5 dxe5 20. Qe3 Rd6 21. Raa1
Rad8 22. Be2 Nf4 23. Rxd6 Nxe2+ 24. Qxe2 Qxd6 25. Ne3 Qc5 26. Kf1 h6 27. Ke1 b5
28. axb5 axb5 29. Rd1 Ra8 30. Rd3 b4 31. cxb4 Qxb4+ 32. Qd2 Qb6 33. Rd6 Ra1+
34. Kf2 {(=)} Qb5 35. Rd8+ Kh7 36. Rb8 Rb1 37. Nd1 Qc5+ 38. Ne3 Qc7 39. Rd8 Ba6
40. Rd6 Rxb2 41. Qxb2 Qxd6 42. Ng4 Qd4+ 43. Qxd4 exd4 44. Kg3 f6 45. f4 Kg6 46.
e5 h5 47. Nf2 fxe5 48. fxe5 Kf5 49. Kh4 Be2 50. h3 d3 51. g4+ hxg4 52. hxg4+
Kxe5 53. Kg5 d2 54. Kg6 d1=Q 55. Nxd1 Bxd1 56. g5 Bb3 57. Kxg7 Kf4 58. Kf6 e5
0-1

[Event "FIDE TURNIR 2016"]
[Site "Komenda"]
[Date "2016.02.14"]
[Round "5.6"]
[White "Sraka, Luna"]
[Black "Jereb, Lana"]
[Result "0-1"]
[WhiteElo "1500"]
[BlackElo "1603"]
[PlyCount "118"]
[EventDate "2016.02.14"]

1. e4 c5 2. Nf3 e6 3. Nc3 Qc7 4. g3 Nc6 5. Bg2 Nf6 6. O-O g6 7. d4 cxd4 8. Nxd4
a6 9. Bg5 Bg7 10. Nxc6 dxc6 11. Qf3 Qe5 12. Bf4 Qh5 13. e5 Qxf3 14. Bxf3 Nd5
15. Nxd5 cxd5 16. Rfe1 O-O 17. Bg5 h6 18. Bf6 b5 19. Bxg7 Kxg7 20. b3 Rb8 21.
Rab1 Rd8 22. Red1 Bd7 23. Be2 Rbc8 24. Rbc1 Rc3 25. Rd3 Rdc8 26. Rxc3 Rxc3 27.
h4 Bc6 28. Kf1 Bb7 29. Ke1 f6 30. exf6+ Kxf6 31. Kd2 Rc7 32. f4 b4 33. c4 a5
34. cxd5 Rxc1 35. Kxc1 Bxd5 36. Kd2 e5 37. fxe5+ Kxe5 38. g4 Kf4 39. h5 g5 40.
Kd3 Bf3 41. Bxf3 Kxf3 42. Kc4 Kxg4 43. Kb5 Kxh5 44. Kxa5 g4 45. Kxb4 g3 46. a4
g2 47. a5 g1=Q 48. a6 Qb6+ 49. Kc3 Qxa6 50. b4 Qb5 51. Kb3 Kg4 52. Kc3 h5 53.
Kb3 h4 54. Kc3 h3 55. Kb3 h2 56. Kc3 h1=Q 57. Kd4 Qxb4+ 58. Ke5 Qh6 59. Kd5
Qhd6# 0-1

[Event "FIDE TURNIR 2016"]
[Site "Komenda"]
[Date "2016.02.14"]
[Round "5.7"]
[White "Ocepek, Jan"]
[Black "Paternoster, Janez"]
[Result "0-1"]
[WhiteElo "1238"]
[BlackElo "1400"]
[PlyCount "60"]
[EventDate "2016.02.14"]

1. e4 c6 2. d4 d5 3. exd5 cxd5 4. Nc3 Nc6 5. h3 Nf6 6. Bb5 Bd7 7. Bg5 e6 8. Nf3
Be7 9. O-O h6 10. Bh4 O-O 11. Qd2 a6 12. Ba4 Rc8 13. Ne5 Nxe5 14. dxe5 Nh7 15.
Bxd7 Qxd7 16. Bxe7 Qxe7 17. f4 Rfd8 18. f5 exf5 19. Rxf5 Nf8 20. Raf1 Qc5+ 21.
Kh1 Rd7 22. Qf4 Rcc7 23. Qg4 Qc4 24. Qg3 Qc6 25. Rf6 Qc4 26. Rxh6 Qxf1+ 27. Kh2
Ng6 28. Rh5 Qf4 29. Qxf4 Nxf4 30. Rf5 Ne6 0-1

[Event "FIDE TURNIR 2016"]
[Site "Komenda"]
[Date "2016.02.14"]
[Round "5.8"]
[White "Jelen, Anja"]
[Black "Mihelic, Vesna"]
[Result "0-1"]
[WhiteElo "1026"]
[BlackElo "1386"]
[PlyCount "130"]
[EventDate "2016.02.14"]

1. e4 e5 2. Nf3 Nc6 3. Nc3 Nf6 4. d4 exd4 5. Nxd4 Bb4 6. Nxc6 bxc6 7. Bd3 d5 8.
exd5 cxd5 9. O-O O-O 10. Bg5 c6 11. a3 Be7 12. Re1 Be6 13. Qf3 Re8 14. Ne2 h6
15. Bh4 Bg4 16. Qf4 Bxe2 17. Rxe2 Nh5 18. Qf5 g6 19. Bxe7 Rxe7 20. Qg4 Rxe2 21.
Qxe2 Qf6 22. Rb1 Kg7 23. c3 Nf4 24. Qe3 Nxd3 25. Qxd3 h5 26. Qa6 Qf5 27. Rf1
Qc8 28. Qd3 Qb7 29. Qd4+ Kg8 30. Rb1 Re8 31. Qd2 Qb5 32. Qd4 Qe2 33. h3 Qc2 34.
Qd1 Qxd1+ 35. Rxd1 Kg7 36. Kf1 Kf6 37. Re1 Rxe1+ 38. Kxe1 Ke5 39. Ke2 f5 40. g3
g5 41. f3 d4 42. cxd4+ Kxd4 43. Kd2 a5 44. b3 g4 45. hxg4 hxg4 46. fxg4 fxg4
47. a4 c5 48. Kc2 Ke3 49. Kc3 Kf3 50. Kc4 Kxg3 51. Kxc5 Kf3 52. b4 axb4 53.
Kxb4 g3 54. a5 g2 55. a6 g1=Q 56. Kb5 Qa7 57. Ka5 Ke4 58. Kb5 Kd5 59. Ka5 Kc5
60. Ka4 Qxa6+ 61. Kb3 Qc4+ 62. Kb2 Kd4 63. Ka3 Qb5 64. Ka2 Kc3 65. Ka1 Qb2# 0-1